[Event "Gibraltar Masters"]
[Site "Caleta ENG"]
[Date "2011.02.03"]
[Round "10.20"]
[White "Battaglini,G"]
[Black "Onischuk,Al"]
[Result "0-1"]
[WhiteElo "2437"]
[BlackElo "2689"]

1.d4 Nf6 2.c4 e6 3.Nc3 Bb4 4.Nf3 d5 5.Bg5 Nbd7 6.e3 O-O 7.cxd5 exd5 8.Bd3 c5
9.Qc2 Qa5 10.O-O c4 11.Bf5 Re8 12.Nd2 g6 13.Bh3 Kg7 14.a3 Bxc3 15.Qxc3 Qxc3
16.bxc3 Ne4 17.Nxe4 dxe4 18.Bg4 Nb6 19.Be2 Be6 20.Rfc1 Rac8 21.Rab1 f6 22.Bh4 Re7
23.Kf1 Nd5 24.Ke1 b6 25.Kd2 a6 26.Bg3 Bd7 27.Bd1 h5 28.h4 Bg4 29.Bc2 Re6
30.Re1 Kf7 31.a4 Rce8 32.Rb2 R8e7 33.Bb1 Ke8 34.Bc2 Kd7 35.Rg1 Kc6 36.Rgb1 Rb7
37.a5 b5 38.Rc1 Rg7 39.Rcb1 Ne7 40.Rb4 Kd7 41.Bf4 Ke8 42.Rg1 Bf5 43.Rbb1 Nd5
44.Rge1 Rb7 45.Rb4 Nxb4 46.cxb4 Rd7 47.Bd1 Rd5 48.Kc3 Kf7 49.Bg3 Re8 50.f3 Rdd8
51.Bc7 Rd7 52.Bf4 Rd5 53.Bg3 Kg7 54.Bf2 g5 55.Bg3 Bg6 56.Bf2 Rdd8 57.Bg3 Re7
58.f4 gxh4 59.Bxh4 Rd5 60.Rh1 Re8 61.Rh3 Bf5 62.Rg3+ Bg4 63.Rxg4+ hxg4 64.Bxg4 Rh8
65.g3 f5 66.Bh3 Kg6 67.Bf1 Rd7 68.Be2 Kf7 69.Bg5 Ke6 70.g4 Rh3  0-1

[Event "Gibraltar Masters"]
[Site "Caleta ENG"]
[Date "2011.02.03"]
[Round "10.53"]
[White "Dougherty,M"]
[Black "Tabatt,H"]
[Result "1/2-1/2"]
[WhiteElo "2183"]
[BlackElo "2342"]

1.d4 Nf6 2.c4 e6 3.Nc3 Bb4 4.Nf3 O-O 5.g3 d6 6.Bg2 Nc6 7.O-O Bxc3 8.bxc3 Bd7
9.Nd2 a5 10.Rb1 Qc8 11.f4 b6 12.e4 e5 13.fxe5 dxe5 14.d5 Ne7 15.Ba3 Re8 16.Rxf6 gxf6
17.Qh5 Ng6 18.Qh6 Qd8 19.h4 c5 20.h5 Nf8 21.Rf1 Bg4 22.Rxf6 Bxh5 23.Rxb6 Bg6
24.Rb5 Nd7 25.Nb3 Rb8 26.Qe3 Rxb5 27.cxb5 c4 28.Nd2 Qb8 29.Nxc4 Qxb5 30.Nd2 Qa4
31.c4 Qd1+ 32.Nf1 Nf6 33.Bf3 Qb1 34.Qb3 Bxe4 35.Qxb1 Bxb1 36.d6 Bxa2 37.Ne3 Rb8
38.Bd1 Nd7 39.c5 Bb3 40.Bg4 Nf6 41.c6 Ra8 42.d7 Ba4 43.Be7 Nxg4 44.Nxg4 Bxc6
45.d8=Q+ Rxd8 46.Bxd8 a4 47.Nxe5 Bb5 48.Be7 Kg7 49.Kf2 f6 50.Nf3 Bc6 51.Nd4 Bd7
52.Ke3 Kf7 53.Ba3 Kg6 54.Kf4 h5 55.Bb2 Bg4 56.Nb5 Bd7 57.Nd6 Bc6 58.Nf5 Kf7
59.Nd6+ Kg6 60.Nf5 Kf7 61.Nh4 Bd7 62.Ke4 Bc6+ 63.Ke3 Bd7 64.Ng2 Kg6 65.Nf4+ Kg5
66.Nd5 Be6 67.Nxf6 h4 68.Ne4+ Kg4 69.gxh4 Kxh4 70.Nc5 Bb3 71.Nxb3 axb3  1/2-1/2

[Event "ch-TUR"]
[Site "Kemer-Antalya TUR"]
[Date "2011.02.08"]
[Round "5"]
[White "Bitirgen,Bilent"]
[Black "Narman,G"]
[Result "1-0"]
[WhiteElo "1798"]
[BlackElo "2079"]

1.d4 e6 2.Nf3 Nf6 3.c4 Bb4+ 4.Nc3 c5 5.a3 Bxc3+ 6.bxc3 Nc6 7.e3 O-O 8.Bd3 d6
9.Qc2 e5 10.d5 Na5 11.e4 Ne8 12.h3 b6 13.Be3 Qd7 14.a4 Qe7 15.g4 g6 16.Bh6 Ng7
17.Rg1 f6 18.h4 Rf7 19.Nd2 Ba6 20.f3 Kh8 21.Qa2 Rc8 22.Rh1 Qd7 23.h5 Ne8
24.hxg6 hxg6 25.Rh2 Rh7 26.O-O-O Kg8 27.Rdh1 Rc7 28.g5 Qd8 29.f4 exf4 30.e5 f5
31.e6 Ng7 32.Rf1 Nxe6 33.dxe6 Qe8 34.Re2 Rhe7 35.Rfe1 Qc6 36.Qc2 Qe8 37.Bxf5 gxf5
38.Qxf5 Nxc4 39.g6 Ne5 40.Rxe5 dxe5 41.Rxe5 Rg7 42.Qf7+ Rcxf7 43.exf7+ Qxf7
44.gxf7+ Rxf7 45.Ne4 f3 46.Re8+ Kh7 47.Be3 Kg7 48.Kd2 Bb7 49.Bf2 Bc6 50.Re5 Bxa4
51.Ke3 Bc2 52.Nd6 Rd7 53.Re6 Bb3 54.Nf5+ Kf7 55.Rh6 Bd1 56.Be1 Be2 57.Kf2 Kg8
58.Ng3 Re7 59.Bd2 Kf8 60.Bg5 Re5 61.Bf4 Re8 62.Rh7 a6 63.Bh6+ Kg8 64.Rg7+ Kh8
65.Rb7 Re6 66.Bf4 b5 67.Nh5 a5 68.Nf6 Rxf6 69.Be5 a4 70.Bxf6+ Kg8 71.Rg7+ Kf8
72.Ra7 Bd1 73.Be7+ Ke8 74.Bxc5 Kd8 75.Ke1 Be2 76.Kd2 Kc8 77.Kc2 Kb8 78.Kb2 Kc8
79.Ka3 Kd8 80.Kb4 Bd3 81.Ka5 Bc4 82.Kb6 Ke8 83.Kc6 Be2 84.Re7+ Kd8 85.Rf7  1-0

[Event "ch-TUR"]
[Site "Kemer-Antalya TUR"]
[Date "2011.02.10"]
[Round "7"]
[White "Bitirgen,Bilent"]
[Black "Buker,M"]
[Result "1/2-1/2"]
[WhiteElo "1798"]
[BlackElo "2087"]

1.d4 Nf6 2.c4 e6 3.Nc3 Bb4 4.Nf3 b6 5.Bg5 Bxc3+ 6.bxc3 d5 7.e3 O-O 8.cxd5 exd5
9.Bd3 h6 10.Bh4 Nbd7 11.Ne5 Qe8 12.f4 Bb7 13.O-O Ne4 14.Bxe4 dxe4 15.Qg4 Bc8
16.Qg3 Nxe5 17.fxe5 Kh7 18.Bf6 Rg8 19.Qh4 Bb7 20.c4 gxf6 21.Rxf6 Rg6 22.Raf1 Kg7
23.Qf4 Rxf6 24.Qxf6+ Kg8 25.Rf4 Qe6 26.Qh4 Qxc4 27.Qxh6 Qc1+ 28.Rf1 Qc6 29.Rf6 Qc1+
30.Rf1 Qc4 31.Rf5  1/2-1/2

[Event "TCh-FIN 2010-11"]
[Site "Tampere FIN"]
[Date "2011.02.12"]
[Round "7.1"]
[White "Nyback,T"]
[Black "Veingold,A"]
[Result "1/2-1/2"]
[WhiteElo "2635"]
[BlackElo "2474"]

1.d4 Nf6 2.c4 e6 3.Nc3 Bb4 4.Nf3 O-O 5.Bg5 c5 6.Rc1 cxd4 7.Nxd4 d5 8.e3 Nc6
9.cxd5 Qxd5 10.Bxf6 gxf6 11.a3 Bxc3+ 12.Rxc3 Bd7 13.Rd3 Ne5 14.Rd2 Rfc8 15.Nf5 Qc5
16.b4 Qf8 17.Nd6 Rc7 18.f4 Qh6 19.Be2 Bc6 20.O-O Ng6 21.b5 Be8 22.Ne4 Ne7
23.Rd8 Rcc8 24.Rxc8 Rxc8 25.Nd6 Rb8 26.Qa4 Qf8 27.Qxa7 Bd7 28.Ne4 Nd5 29.Rd1 Ra8
30.Qxb7 Qxa3 31.Rd3 Qc1+ 32.Kf2 Ra3 33.Qxd7 Rxd3 34.Nxf6+ Kg7 35.Nxd5 Rxd5
36.Qe7 Qb2 37.Kf3 Rd2 38.Qg5+ Kh8 39.Qe7 Kg7 40.Qg5+ Kh8 41.Qe7  1/2-1/2

[Event "Rector Cup 2011"]
[Site "Kharkov UKR"]
[Date "2011.02.14"]
[Round "1"]
[White "Yuffa,D"]
[Black "Brodsky,M"]
[Result "1/2-1/2"]
[WhiteElo "2285"]
[BlackElo "2554"]

1.d4 Nf6 2.c4 e6 3.Nc3 Bb4 4.Nf3 c5 5.g3 Nc6 6.Bg2 d5 7.O-O dxc4 8.dxc5 Qa5
9.Bd2 Qxc5 10.Rc1 O-O 11.Qc2 Rd8 12.Rfd1 Bd7 13.Ne4 Nxe4 14.Qxe4 Bxd2 15.Rxd2 Be8
16.Qxc4 Qxc4 17.Rxc4 Rxd2 18.Nxd2 Rd8 19.Bxc6 Bxc6 20.Rc2 Kf8 21.f3 Ke7 22.Kf2 Rc8
23.Ke3 e5 24.g4 f6 25.Ne4 Rd8 26.Rd2 Rxd2 27.Nxd2 Bd5 28.a3 g6  1/2-1/2

[Event "16th Lienz-Open 2011"]
[Site "Lienz AUT"]
[Date "2011.02.17"]
[Round "7"]
[White "Schnider,G"]
[Black "Schwenk,A"]
[Result "1-0"]
[WhiteElo "2349"]
[BlackElo "2120"]

1.d4 Nf6 2.c4 e6 3.Nf3 Bb4+ 4.Nc3 c5 5.e3 O-O 6.Bd3 d5 7.O-O Nc6 8.a3 Bxc3
9.bxc3 dxc4 10.Bxc4 Qc7 11.Bd3 e5 12.Qc2 Bg4 13.Nxe5 Nxe5 14.dxe5 Qxe5 15.c4 Kh8
16.Bb2 Qg5 17.f4 Qh4 18.e4 Bd7 19.Rae1 Bc6 20.Re3 Rad8 21.e5 Nh5 22.Rh3 Qg4
23.Bxh7 g6 24.e6+ Rd4 25.Bxd4+ cxd4 26.f5 Be4 27.Qd2 Kxh7 28.Rf4 Qg5 29.fxg6+ Kxg6
30.Rxh5 Qxh5 31.Rxe4 fxe6 32.Rxe6+ Kf7 33.Re4 Rd8 34.Rxd4 Qc5 35.Qf2+ Ke6  1-0

[Event "IV Open A"]
[Site "Gora Swietej Anny POL"]
[Date "2011.02.18"]
[Round "8.20"]
[White "Karleszko,Karolina"]
[Black "Karwowski,K"]
[Result "1/2-1/2"]
[WhiteElo "1572"]
[BlackElo "1703"]

1.d4 Nf6 2.c4 e6 3.Nc3 Bb4 4.Nf3 O-O 5.Bg5 d5 6.e3 c6 7.cxd5 exd5 8.Bd3 h6
9.Bh4 Bg4 10.Qc2 Nbd7 11.h3 Be6 12.O-O-O a5 13.a3 Bxc3 14.Qxc3 b5 15.Kd2 Qb6
16.Bxf6 Nxf6 17.Ne5 Rfc8 18.Rc1 Kf8 19.Qc2 Nd7 20.Nxd7+ Bxd7 21.Qc5+ Qxc5
22.Rxc5 Re8 23.Rhc1 f5 24.g3 Kf7 25.h4 a4 26.Be2 Kf6 27.Bf3 g5 28.hxg5+ hxg5
29.Rh1 Rh8 30.Rcc1 Kg6 31.Rxh8 Rxh8 32.Rh1 Rf8 33.Bh5+ Kg7 34.Be2 Rc8 35.Rc1 Rh8
36.Bf3 Rh2 37.Ke2 Rh6 38.Rh1 Rf6 39.Rg1 Be8 40.Kd2 Bg6 41.Ke2 Kf7 42.Rh1 Kg7
43.Rg1 Be8 44.Kd2  1/2-1/2

[Event "TCh-SVK Extraliga 2010-11"]
[Site "Slovakia SVK"]
[Date "2011.02.20"]
[Round "6.1"]
[White "Stocek,J"]
[Black "Hracek,Z"]
[Result "1/2-1/2"]
[WhiteElo "2567"]
[BlackElo "2631"]

1.d4 Nf6 2.c4 e6 3.Nc3 Bb4 4.Nf3 d5 5.cxd5 exd5 6.Bg5 h6 7.Bh4 c5 8.e3 c4
9.Nd2 g5 10.Bg3 Nc6 11.Be2 Bf5 12.O-O O-O 13.f4 Bxc3 14.bxc3 Ne4 15.Nxe4 Bxe4
16.fxg5 hxg5 17.Bf3 Qe7 18.Bxe4 Qxe4 19.Qb1 Qxe3+ 20.Kh1 Qe6 21.Qxb7 Rae8
22.Rae1 Qg6 23.Qd7 Rxe1 24.Rxe1 Rd8 25.Qc7 f5 26.Be5 f4 27.h3 Re8 28.Qd7 Rd8
29.Qc7 Re8 30.Qd7 Rd8  1/2-1/2

[Event "ch-Subotica Open 2011"]
[Site "Subotica SRB"]
[Date "2011.02.21"]
[Round "1"]
[White "Plivcevic,I"]
[Black "Avram,V"]
[Result "0-1"]
[WhiteElo "1885"]
[BlackElo "2122"]

1.d4 Nf6 2.c4 e6 3.Nc3 Bb4 4.Nf3 b6 5.Bg5 Bb7 6.e3 O-O 7.a3 Bxc3+ 8.bxc3 Qe7
9.Bd3 Nc6 10.O-O e5 11.d5 Na5 12.Nd2 h6 13.Bh4 g5 14.Bg3 Ba6 15.Re1 e4 16.Bf1 d6
17.f3 Kg7 18.c5 Bxf1 19.cxd6 cxd6 20.Nxf1 Rac8 21.Rc1 Rc5 22.Qa4 Rfc8 23.h4 Rxd5
24.hxg5 hxg5 25.Red1 Rc4 26.Qc2 Rcc5 27.Rxd5 Rxd5 28.Rd1 Qe6 29.Rd4 Rxd4
30.cxd4 Qc4 31.Qb2 Qd5 32.Nd2 g4 33.fxe4 Nxe4 34.Nxe4 Qxe4 35.Bf4 Nc4 36.Qe2 Qe6
37.d5 Qe4 38.Qxg4+ Qg6 39.Bh6+ Kxh6 40.Qxc4 Qf6 41.Qf4+ Qxf4 42.exf4 Kh5
43.Kf2 Kg4 44.Ke3 b5 45.Ke4 f5+ 46.Kd4 Kxf4  0-1

[Event "31st TCh-IND 2011"]
[Site "Kochi IND"]
[Date "2011.02.25"]
[Round "5"]
[White "Jayesh,R"]
[Black "Maheswaran,P"]
[Result "0-1"]
[WhiteElo "1943"]
[BlackElo "2278"]

1.d4 Nf6 2.c4 e6 3.Nf3 Bb4+ 4.Nc3 b6 5.g3 Bb7 6.Bg2 O-O 7.O-O Bxc3 8.bxc3 d6
9.Nd2 Bxg2 10.Kxg2 d5 11.f3 c5 12.e4 dxe4 13.Nxe4 Nxe4 14.fxe4 Nc6 15.Be3 Na5
16.Qe2 Qd7 17.Rf4 cxd4 18.cxd4 Rac8 19.Rc1 e5 20.dxe5 Qe6 21.Qh5 Nxc4 22.Bd4 Rfd8
23.Rd1 Rd7 24.Bf2 Rxd1 25.Qxd1 Nxe5 26.Qd4 f6 27.a4 Qd7 28.Qxd7 Nxd7 29.a5 Rc2
30.axb6 axb6 31.Kh3 b5 32.Bg1 Kf7 33.Rf1 Ne5 34.Rb1 Nf3 35.Kg4 Nxg1 36.Rxg1 Rc7
37.Rb1 Rb7 38.Rb4 Ke6 39.Kf4 Kd6 40.Ke3 Kc5 41.Rb1 Kc4 42.h4 b4 43.Rc1+ Kb3
44.g4 Ka2 45.Rc6 b3 46.Ra6+ Kb1 47.g5 fxg5 48.hxg5 b2 49.e5 Kc2  0-1

[Event "27th Open"]
[Site "Cappelle la Grande FRA"]
[Date "2011.03.02"]
[Round "6.23"]
[White "Wirig,A"]
[Black "Gajewski,G"]
[Result "0-1"]
[WhiteElo "2466"]
[BlackElo "2569"]

1.d4 Nf6 2.Nf3 e6 3.c4 Bb4+ 4.Nc3 O-O 5.Bg5 d5 6.cxd5 exd5 7.Qb3 c5 8.dxc5 Nc6
9.e3 Be6 10.Nd4 Bxc5 11.Rd1 h6 12.Bh4 Bg4 13.Bxf6 Qxf6 14.Be2 Nxd4 15.exd4 Bxd4
16.O-O Bxe2 17.Nxe2 Bb6 18.Nc3 d4 19.Nd5 Qd6 20.g3 Rad8 21.Nf4 Rfe8 22.Nd3 Qc6
23.Rfe1 Ba5 24.Re5 Rxe5 25.Nxe5 Qf6 26.Nd3 Qf3 27.Nc1 Qc6 28.Ne2 Bb6 29.Nf4 Re8
30.Nd5 Bc5 31.Qc4 Rd8 32.Nf4 d3 33.Qc3 Qf3 34.Rd2 Bxf2+ 35.Rxf2 Qxf2+ 36.Kxf2 d2  0-1

[Event "27th Open"]
[Site "Cappelle la Grande FRA"]
[Date "2011.03.02"]
[Round "6.6"]
[White "Tikkanen,H"]
[Black "Shneider,Alek"]
[Result "1/2-1/2"]
[WhiteElo "2550"]
[BlackElo "2518"]

1.d4 Nf6 2.c4 e6 3.Nc3 Bb4 4.Nf3 c5 5.g3 Nc6 6.Bg2 d5 7.O-O dxc4 8.dxc5 Qxd1
9.Rxd1 Bxc5 10.Nd2 Na5 11.Nde4 Nxe4 12.Nxe4 Be7 13.Bd2 Nc6 14.Bc3 f6 15.Nd2 e5
16.Nxc4 Be6 17.Na5 Nxa5 18.Bxa5 O-O 19.b3 Rab8 20.Bc7 Rbc8 21.Bd6 Kf7 22.Bxb7 Rc2
23.Bxe7 Kxe7 24.Rac1 Rd8 25.Rxc2 Rxd1+ 26.Kg2 Ra1 27.e4 h6 28.f3 a5 29.Bc6 g5  1/2-1/2

[Event "27th Open"]
[Site "Cappelle la Grande FRA"]
[Date "2011.03.03"]
[Round "7.14"]
[White "Mastrovasilis,A"]
[Black "Petkov,V"]
[Result "1-0"]
[WhiteElo "2547"]
[BlackElo "2506"]

1.d4 Nf6 2.c4 e6 3.Nc3 Bb4 4.Nf3 c5 5.g3 cxd4 6.Nxd4 Ne4 7.Qd3 Nxc3 8.bxc3 Be7
9.Bf4 d6 10.Nb5 e5 11.c5 exf4 12.cxd6 O-O 13.dxe7 Qxe7 14.Bg2 Rd8 15.Nd4 Qc7
16.O-O Nc6 17.Qc4 Bg4 18.h3 Bh5 19.g4 Bg6 20.Nxc6 Rac8 21.Rad1 Re8 22.Rd4 bxc6
23.Rxf4 Rxe2 24.Rxf7 Bxf7 25.Qxe2 Qa5 26.Qb2 h5 27.Qb7 Rd8 28.gxh5 Qxh5 29.Qxc6 Bxa2
30.c4 Qe5 31.Bd5+ Kh8 32.Qg6 a5 33.Be4 Kg8 34.Bd5+ Kh8 35.Qg4 Rd6 36.Qh4+ Rh6
37.Qd8+ Kh7 38.Bg8+ Kg6 39.Qd3+ Kf6 40.f4 Qc5+ 41.Kh2 a4 42.Qd8+ Qe7 43.Qd4+ Kf5
44.Qd5+  1-0

[Event "27th Open"]
[Site "Cappelle la Grande FRA"]
[Date "2011.03.04"]
[Round "8.4"]
[White "Mastrovasilis,A"]
[Black "Gajewski,G"]
[Result "0-1"]
[WhiteElo "2547"]
[BlackElo "2569"]

1.d4 Nf6 2.c4 e6 3.Nc3 Bb4 4.Nf3 O-O 5.Bg5 d5 6.cxd5 exd5 7.Qb3 c5 8.a3 Bxc3+
9.Qxc3 c4 10.g3 Nc6 11.Bg2 Re8 12.Ne5 Qa5 13.Bxf6 gxf6 14.Nf3 Bf5 15.e3 Bd3
16.Bf1 Be4 17.Be2 Qxc3+ 18.bxc3 Na5 19.O-O Nb3 20.Ra2 b5 21.Nh4 a5 22.f3 Bg6
23.Nxg6 hxg6 24.Kf2 f5 25.e4 b4 26.exd5 bxc3 27.Rd1 Rab8 28.Bxc4 Rec8 29.Ba6 c2  0-1

[Event "TCh-Paulista"]
[Site "Sao Paolo BRA"]
[Date "2011.03.12"]
[Round "6.11"]
[White "Disconzi da Silva,R"]
[Black "Gallo Ponce,E"]
[Result "1/2-1/2"]
[WhiteElo "2359"]
[BlackElo "2231"]

1.d4 Nf6 2.c4 e6 3.Nc3 Bb4 4.Nf3 c5 5.g3 cxd4 6.Nxd4 a6 7.Bg2 Qc7 8.O-O O-O
9.Bg5 Bxc3 10.bxc3 Nc6 11.Nxc6 bxc6 12.Qd4 Qd8 13.c5 h6 14.Bf4 Nd5 15.Bd6 Ne7
16.e4 f5 17.Rfe1 a5 18.Bh3 fxe4 19.Rxe4 Nf5 20.Bxf5 Rxf5 21.Rae1 Ba6 22.Rg4 Rg5
23.Ree4 h5 24.Rgf4 Rd5 25.Qa4 Bb5 26.Qb3 a4 27.Qb2 Rd1+ 28.Kg2 Bf1+ 29.Kf3 Qg5
30.c4 Qg6 31.Qb7 Rd3+ 32.Re3 Rxe3+ 33.fxe3 Qc2 34.Qxa8+ Kh7  1/2-1/2

[Event "TCh-SWE Elitserien 2010-11"]
[Site "Sweden SWE"]
[Date "2011.03.13"]
[Round "11"]
[White "Tikkanen,H"]
[Black "Cramling,P"]
[Result "1/2-1/2"]
[WhiteElo "2507"]
[BlackElo "2509"]

1.d4 Nf6 2.c4 e6 3.Nc3 Bb4 4.Nf3 b6 5.e3 Bb7 6.Bd3 O-O 7.O-O d5 8.cxd5 exd5
9.Bd2 Nbd7 10.Rc1 a6 11.Ne5 Bd6 12.f4 c5 13.Qf3 Re8 14.Be1 cxd4 15.exd4 Nf8
16.Bh4 Be7 17.Bf2 Rc8 18.Rce1 Bb4 19.Bh4 Qd6 20.Bf5 Rc7 21.Bxf6 Qxf6 22.Qh3 Qd8
23.Rc1 Bc8 24.Na4 Bxf5 25.Qxf5 Ne6 26.Qd3 Nxf4 27.Qf3 f6 28.Qxf4 Rxc1 29.Rxc1 fxe5
30.dxe5 Qe7 31.Kh1 Bc5 32.b4 Rf8 33.Qd2 Qf7 34.h3 Bf2 35.Rf1 Be3 36.Rxf7 Bxd2
37.Rxf8+ Kxf8 38.Nxb6 d4 39.Kg1 Bxb4 40.Kf2 d3 41.Nd5 Bc5+ 42.Ke1 Kf7 43.Kd2 Ke6
44.Nc7+ Kxe5 45.Nxa6 Bd6 46.Kxd3 Kf4 47.a4 Kg3 48.a5 g5 49.Kc4 Kxg2 50.Nb4 Bc7
51.a6 Bb6 52.Kb5 Ba7 53.Nc6 Be3 54.Kc4 Bb6 55.Kb5 Be3 56.Kc4 Bb6  1/2-1/2

[Event "20th Amber Blindfold"]
[Site "Monaco MNC"]
[Date "2011.03.14"]
[Round "3"]
[White "Grischuk,A"]
[Black "Karjakin,Sergey"]
[Result "1/2-1/2"]
[WhiteElo "2747"]
[BlackElo "2776"]

1.d4 Nf6 2.c4 e6 3.Nc3 Bb4 4.Nf3 c5 5.g3 cxd4 6.Nxd4 Ne4 7.Qd3 Nxc3 8.bxc3 Be7
9.Bg2 O-O 10.O-O d6 11.Rd1 a6 12.Ba3 Qc7 13.Rab1 Rd8 14.Qe3 Bf8 15.Nf3 Be7
16.Qb6 Qxb6 17.Rxb6 Nd7 18.Rb2 Nc5 19.Rbd2 Re8 20.Bxc5 dxc5 21.Ne5 Kf8 22.Rb1 Ra7
23.a4 Rd8 24.Rdb2 Bf6 25.f4 a5 26.Rb5 Bxe5 27.fxe5 Bd7 28.Rxc5 Bxa4 29.Rxb7 Ra6
30.Rcc7 Be8 31.c5 a4 32.Ra7 Rxa7 33.Rxa7 Rc8 34.Ra5 a3 35.Kf2 a2 36.Rxa2 Rxc5
37.Rc2 Ke7 38.Ke3 Rxe5+ 39.Kd4 Rh5 40.h4 Ra5 41.c4 e5+ 42.Ke3 f5 43.Bd5  1/2-1/2

[Event "1st Alpine Ski Open"]
[Site "Anzere SUI"]
[Date "2011.03.17"]
[Round "1.6"]
[White "Makawitage,Sandu"]
[Black "Georgiev,Vl"]
[Result "0-1"]
[WhiteElo "1775"]
[BlackElo "2576"]

1.d4 Nf6 2.c4 e6 3.Nc3 Bb4 4.Nf3 b6 5.Bg5 Bb7 6.e3 h6 7.Bh4 c5 8.Be2 g5 9.Bg3 cxd4
10.Qxd4 Nc6 11.Qd3 g4 12.Nh4 d6 13.O-O Ne5 14.Bxe5 dxe5 15.Qc2 Be7 16.Rad1 Qc7
17.Nb5 Qc6 18.f3 a6 19.Nc3 Rg8 20.fxg4 Nxg4 21.Bf3 e4 22.Bxe4 Qc7 23.g3 Nxe3
24.Qa4+ Kf8 25.Ng6+ Rxg6 26.Bxg6 Nxf1 27.Be4 Bxe4 28.Nxe4 Ne3 29.Rd2 Qxc4  0-1

[Event "20th Amber Blindfold"]
[Site "Monaco MNC"]
[Date "2011.03.17"]
[Round "5"]
[White "Anand,V"]
[Black "Karjakin,Sergey"]
[Result "1/2-1/2"]
[WhiteElo "2817"]
[BlackElo "2776"]

1.d4 Nf6 2.c4 e6 3.Nc3 Bb4 4.Nf3 c5 5.g3 cxd4 6.Nxd4 Ne4 7.Qd3 Nxc3 8.bxc3 Be7
9.Bg2 Nc6 10.Nb5 O-O 11.Bf4 e5 12.Bc1 Na5 13.O-O d6 14.Ba3 Be6 15.Nxd6 Bxd6
16.Qxd6 Re8 17.c5 Nc4 18.Qxd8 Rexd8 19.Bc1 Rac8 20.Bxb7 Rxc5 21.Re1 h6 22.Ba6 Rd6
23.Bxc4  1/2-1/2

[Event "ch-Moscow S/F 2011"]
[Site "Moscow RUS"]
[Date "2011.03.17"]
[Round "3"]
[White "Ulko,J"]
[Black "Rozanov,P"]
[Result "1-0"]
[WhiteElo "2476"]
[BlackElo "2281"]

1.d4 e6 2.Nf3 Nf6 3.c4 Bb4+ 4.Nc3 Ne4 5.Bd2 Bxc3 6.Bxc3 Nxc3 7.bxc3 d6 8.e4 Qe7
9.Bd3 e5 10.Qa4+ Nd7 11.c5 O-O 12.cxd6 cxd6 13.O-O Nb6 14.Qb4 Bg4 15.Nxe5 Bh5
16.Nc4 Nxc4 17.Qxc4 Kh8 18.a4 Rac8 19.Qb4 Bg6 20.Rfe1 Rfd8 21.a5 h6 22.Re3 Qd7
23.Bc4 f5 24.exf5 Bxf5 25.Bd5 Rc7 26.Rae1 Kh7 27.h3 Qc8 28.c4 Bg6 29.Re7 a6
30.Qb6 Rdd7 31.Rxd7 Qxd7 32.Re6 Rc6 33.Qb4 Bf7 34.Bxc6 Qxe6 35.Bxb7 Qxc4
36.Qxd6 Bg6 37.Bxa6 Qc1+ 38.Kh2 Qg5 39.Qe5 Qd2 40.f4 Qf2 41.Bb7 Qc2 42.a6 Qb1
43.Bf3 Qb6 44.f5 Bf7 45.Bb7 Qb3 46.Be4  1-0

[Event "5th Agzamov Mem"]
[Site "Tashkent UZB"]
[Date "2011.03.24"]
[Round "7"]
[White "Khoroshev,N"]
[Black "Filippov,An UZB"]
[Result "0-1"]
[WhiteElo "2260"]
[BlackElo "2604"]

1.d4 Nf6 2.c4 e6 3.Nc3 Bb4 4.Nf3 b6 5.e3 O-O 6.Bd3 Bb7 7.O-O Bxc3 8.bxc3 Ne4
9.Qc2 f5 10.Ne1 c5 11.f3 Nd6 12.Qe2 Nc6 13.Nc2 e5 14.d5 e4 15.dxc6 Bxc6 16.Na3 exd3
17.Qxd3 Rf6 18.Bd2 Nf7 19.Be1 Ne5 20.Qc2 Re6 21.Bg3 a6 22.Rab1 h5 23.h4 Ng6
24.Qf2 Qe7 25.Rfe1 Re8 26.Bc7 d6 27.Bxb6 Nxh4 28.Kh1 Rg6 29.Rg1 Rxg2 30.Rxg2 Bxf3
31.Rg1 Bxg2+ 32.Rxg2 Nxg2  0-1

[Event "FIDE Zonal 3.5 2011"]
[Site "Tianjin CHN"]
[Date "2011.03.26"]
[Round "7"]
[White "Zhou Jianchao"]
[Black "Yu Yangyi"]
[Result "1-0"]
[WhiteElo "2660"]
[BlackElo "2652"]

1.d4 Nf6 2.c4 e6 3.Nc3 Bb4 4.Nf3 c5 5.g3 Nc6 6.Bg2 Ne4 7.Bd2 Nxd2 8.Qxd2 cxd4
9.Nxd4 O-O 10.O-O Qb6 11.Nb3 Qa6 12.Qf4 Bxc3 13.bxc3 e5 14.Qh4 d6 15.Rfd1 Qa3
16.c5 dxc5 17.Qc4 Be6 18.Qxc5 Qa4 19.Bxc6 bxc6 20.Qxe5 Bxb3 21.axb3 Qxb3
22.Qc5 Qb6 23.Qa5 g6 24.Rd6 Rfb8 25.Qa6 Qxa6 26.Rxa6 Rb2 27.e3 c5 28.Rdc6 Kg7
29.Rxc5 Rd8 30.Rc4 Rdd2 31.Rf4 Ra2 32.Rxa2 Rxa2 33.g4 a5 34.Kg2 Ra3 35.Rc4 Kf6
36.h4 Ke6 37.Rc7 h5 38.gxh5 gxh5 39.Rc6+ Ke7 40.Ra6 a4 41.c4 Ra1 42.Kf3 a3
43.Kf4 a2 44.Kf5 Rc1 45.Rxa2 Rxc4 46.e4 Rc6 47.Ra7+ Kf8 48.Ra5 Rg6 49.f3 Kg7
50.Kf4 Rf6+ 51.Rf5 Rh6 52.e5 Rh8 53.Kg5 Rh7 54.Rf6 Rh8 55.f4 Rg8 56.Kxh5 Kf8
57.e6 Ke7 58.exf7  1-0

[Event "ch-Moscow S/F 2011"]
[Site "Moscow RUS"]
[Date "2011.03.27"]
[Round "9"]
[White "Kachar,V"]
[Black "Gavrilov,Al1"]
[Result "1-0"]
[WhiteElo "2288"]
[BlackElo "2486"]

1.d4 Nf6 2.c4 e6 3.Nc3 Bb4 4.Nf3 O-O 5.Bg5 h6 6.Bh4 c5 7.e3 cxd4 8.Nxd4 Qa5
9.Qc2 Ne4 10.Rc1 d5 11.cxd5 Qxd5 12.Be7 Bxc3+ 13.bxc3 Re8 14.Ba3 Bd7 15.Qb3 Qa5
16.Be2 Na6 17.Bb4 Qb6 18.Ba3 Qa5 19.Bb4 Nxb4 20.cxb4 Qb6 21.Qb2 a5 22.b5 e5
23.Nf3 Bg4 24.O-O Rad8 25.Rfd1 Rxd1+ 26.Rxd1 Qc5 27.Rc1 Qd6 28.h3 Bf5 29.Bc4 Nc5
30.b6 Re7 31.Qa3 Ne4 32.Qxa5 Kh7 33.Bb3 Qf6 34.Rc7 Ng5 35.Nxg5+ Qxg5 36.Qd5 Be6
37.Qxb7 Re8 38.Bxe6 Rxe6 39.Rc6 Re8 40.Qxf7 Rd8 41.Rc1 Rd2 42.Rb1  1-0

[Event "Bocharov Memorial"]
[Site "Borisoglebsk RUS"]
[Date "2011.03.31"]
[Round "1"]
[White "Sinibabnov,N"]
[Black "Peskov,A"]
[Result "0-1"]
[WhiteElo "1703"]
[BlackElo "2370"]

1.c4 Nf6 2.Nc3 e6 3.d4 Bb4 4.Nf3 c5 5.Bd2 cxd4 6.Nxd4 O-O 7.e3 Nc6 8.Nc2 Be7
9.Be2 b6 10.O-O Bb7 11.Bf3 d5 12.cxd5 Ne5 13.Be2 Nxd5 14.Nxd5 Qxd5 15.f3 Rad8
16.Nd4 Nc4 17.Bxc4 Qxc4 18.Rc1 Qd5 19.Bc3 Bc5 20.Qe2 Qh5 21.b4 Bd6 22.g3 Rfe8
23.e4 Bxb4 24.Bxb4 Rxd4 25.Qb2 Rd3 26.Rc3 Rd7 27.Rfc1 Red8 28.Qb3 Rd2 29.R3c2 Qxh2+  0-1

[Event "ch-CHN 2011"]
[Site "Xinghua Jiangsu CHN"]
[Date "2011.03.31"]
[Round "2"]
[White "Li Shilong"]
[Black "Yu Yangyi"]
[Result "0-1"]
[WhiteElo "2520"]
[BlackElo "2652"]

1.d4 Nf6 2.c4 e6 3.Nc3 Bb4 4.Nf3 c5 5.g3 Nc6 6.Bg2 Ne4 7.Bd2 Nxd2 8.Qxd2 cxd4
9.Nxd4 Qb6 10.e3 Ne5 11.b3 Qa5 12.Rc1 a6 13.O-O O-O 14.Qc2 Rb8 15.a4 Be7
16.Rfd1 d6 17.Qd2 Qc7 18.h3 Bd7 19.f4 Ng6 20.Kh2 Rfe8 21.e4 h6 22.Qe2 Bf6
23.Nf3 Rbd8 24.Qe3 Bc8 25.h4 Qa5 26.Ne2 b6 27.Rd3 Bb7 28.Rcd1 Qb4 29.h5 Nf8
30.e5 dxe5 31.Nxe5 Bxg2 32.Rxd8 Rxd8 33.Rxd8 Bxd8 34.Kxg2 Bf6 35.Nd4 Bxe5
36.fxe5 Qc5 37.Qe4 Qa3 38.Nc6 g5 39.Qd3 Kg7 40.g4 Qc5 41.Qe4 a5 42.Kf1 Nd7
43.Kg2 Qa3 44.Nd4 Qb2+ 45.Kf1 Qc1+ 46.Ke2 Nc5 47.Qe3 Qh1 48.Kd2 Qg2+ 49.Qe2 Qg1
50.Nc6 Nxb3+ 51.Kc2 Nc5 52.Qf3 Qh2+ 53.Kd1 Qf4 54.Qxf4 gxf4 55.Ke2 Nxa4 56.Kf3 Nc5
57.Kxf4 a4 58.Ke3 a3 59.Nb4 f6 60.Na2  0-1

[Event "12th ch-EUR"]
[Site "Aix-les-Bains FRA"]
[Date "2011.04.02"]
[Round "11.91"]
[White "Gozzoli,Y"]
[Black "Thorfinnsson,Br"]
[Result "1-0"]
[WhiteElo "2543"]
[BlackElo "2417"]

1.d4 Nf6 2.c4 e6 3.Nc3 Bb4 4.Nf3 b6 5.Bg5 Bb7 6.e3 h6 7.Bh4 g5 8.Bg3 Ne4
9.Qc2 Bxc3+ 10.bxc3 d6 11.Bd3 f5 12.d5 Nd7 13.Nd4 Ndc5 14.O-O Qe7 15.f3 Nxg3
16.hxg3 exd5 17.Nxf5 Qf6 18.cxd5 O-O-O 19.e4 h5 20.Qd2 h4 21.g4 Qe5 22.Bc2 Rdf8
23.Qd4 Qf4 24.Ne7+ Kb8 25.Ng6 Qg3 26.Nxh8 Ba6 27.Ng6  1-0

[Event "Karposh Open"]
[Site "Skopje MKD"]
[Date "2011.04.02"]
[Round "1"]
[White "Veleski,R"]
[Black "Markus,Rob"]
[Result "0-1"]
[WhiteElo "2234"]
[BlackElo "2625"]

1.d4 Nf6 2.c4 e6 3.Nc3 Bb4 4.Nf3 c5 5.e3 b6 6.Bd3 Bb7 7.O-O O-O 8.Bd2 d6
9.a3 Bxc3 10.Bxc3 Ne4 11.Qc2 f5 12.b4 Nxc3 13.Qxc3 Bxf3 14.gxf3 Qh4 15.Kh1 Rf6
16.Rg1 Qxf2 17.Raf1 Qxe3 18.dxc5 Nd7 19.cxd6 Ne5 20.Qa1 Rd8 21.f4 Nxd3 22.Rg3 Qe4+
23.Kg1 Rg6  0-1

[Event "Karposh Open"]
[Site "Skopje MKD"]
[Date "2011.04.05"]
[Round "5"]
[White "Djukic,Sa"]
[Black "Stojcevski,Z"]
[Result "1-0"]
[WhiteElo "2177"]
[BlackElo "2377"]

1.d4 Nf6 2.c4 e6 3.Nc3 Bb4 4.Nf3 O-O 5.g3 d6 6.Bg2 Bxc3+ 7.bxc3 Nc6 8.O-O e5
9.d5 Nb8 10.Nd2 Nbd7 11.e4 Nc5 12.h3 Qe7 13.Ba3 Nfd7 14.Nb3 b6 15.Re1 Ba6
16.Bf1 f5 17.exf5 Rxf5 18.Bxc5 bxc5 19.Bd3 Rf7 20.Nd2 Nb6 21.Qc2 g5 22.a4 Raf8
23.Re2 Bc8 24.a5 Nd7 25.Kg2 Qf6 26.Rf1 Rg7 27.Re3 Qh6 28.Bf5 Nb6 29.Rf3 Rgf7
30.Bxc8 Nxc8 31.Rxf7 Rxf7 32.Qe4 Ne7 33.Qg4 Qg6 34.Ne4 Rf5 35.Qe2 a6 36.Rb1 h5
37.Rb8+ Rf8 38.Rb7 h4 39.Rxc7 Nf5 40.Qg4 hxg3 41.Qxg5 Qxg5 42.Nxg5 gxf2 43.Kxf2 Nd4+
44.Ke3 Nb3 45.Ne4 Nxa5 46.Nxd6 Ra8 47.Ke4 Nb3 48.Kf5 Nd2 49.Kg6 a5 50.Nf5 Ne4
51.Rf7 Ra6+ 52.d6 Rxd6+ 53.Nxd6 Nxd6 54.Rd7 Ne8 55.Kf5 e4 56.Rd8 Kf7 57.Rxe8 Kxe8
58.Kxe4 Ke7 59.Kd3 Ke6 60.Kc2 Kf5 61.Kb3 Ke4 62.Ka4 Kd3 63.h4 Kxc4 64.h5 Kxc3
65.h6 c4 66.h7 Kd2 67.h8=Q c3 68.Qd4+ Kc2 69.Ka3 a4 70.Kb4  1-0